| 000 | 00367nam a2200145Ia 4500 | ||
|---|---|---|---|
| 008 | 240624s9999 xx 000 0 und d | ||
| 041 | _aeng | ||
| 082 | _a382.6 KHU | ||
| 100 | _aKHURANA P K | ||
| 245 | _aEXPORT MANAGEMENT | ||
| 250 | _a(4th ed.) | ||
| 260 |
_c2005 _aNew Delhi _bGalgotia Publishing Company |
||
| 300 | _axii, : 681 : p. : cm. ; 24 | ||
| 365 |
_cRS _b25 |
||
| 999 |
_c2681 _d2681 |
||